000 00700nam a2200265Ia 4500
003 0100
008 130307s9999 xx 000 0 und d
040 _cARRUPELIB
050 _aJA76.D33 1969
100 _aDawson, Richard E
245 _aPolitical socialization
245 _ban analytic study
260 _aBoston
260 _bLittle, Brown and Company
260 _c1969
300 _a226p.
300 _b20cm.
440 _aThe Little, Brown Series in Comparative Politics
650 _aPOLITICAL SCIENCE
650 _bWorld politics - 1989-
650 _cPostmodernism
650 _dIntellectual life - History - 20th century
700 _aPrewitt, Kenneth
942 0 0 _02
999 _c100190
_d100190